Vplyv štartovacieho tvaru na výsledok generatívneho dizajnu

Na minha lista:
Detalhes bibliográficos
Autor principal: Evin, Andrej (Author)
Outros Autores: Kuruc, Marcel (Thesis advisor)
Formato: Manuscrito Livro
Idioma:eslovaco
Publicado em: 2024
Assuntos:
Acesso em linha:http://is.stuba.sk/zp/portal_zp.pl?podrobnosti=179817
Tags: Adicionar Tag
Sem tags, seja o primeiro a adicionar uma tag!

MARC

LEADER 00000ntm a22000003a 4500
001 stuzp97781
003 SK-STU
005 20240608211211.4
007 ta
008 150427s2015----xo-----f-mn---000-0-slo-d
040 |a STU  |b slo 
041 0 |a slo 
100 1 |a Evin, Andrej  |u 063000  |k Z4  |4 aut  |U MTF Materiálovotechnologická fakulta  |T MTF Ústav výrobných technológií  |X 103473  |U M3000  |Y 83  |7 103473 
242 0 1 |a Impact of the starting shape on the outcome of generative design  |y eng 
245 1 0 |a Vplyv štartovacieho tvaru na výsledok generatívneho dizajnu 
260 |c 2024 
650 4 |a Reverzné inžinierstvo  |2 slo 
650 4 |a Generatívny dizajn  |2 slo 
650 4 |a Fusion 360  |2 slo 
650 4 |a CAD  |2 slo 
650 4 |a 3D model  |2 slo 
650 4 |a Reverse engineering  |2 eng 
650 4 |a Generative design  |2 eng 
650 4 |a Fusion 360  |2 eng 
650 4 |a CAD  |2 eng 
650 4 |a 3D model  |2 eng 
700 1 |a Kuruc, Marcel  |u 063200  |k Z1  |4 ths  |U MTF Ústav výrobných technológií  |T MTF Katedra obrábania a počítačovej podpory technológií  |X 48583  |U M3200  |Y 164  |7 A000048583 
856 4 |u http://is.stuba.sk/zp/portal_zp.pl?podrobnosti=179817 
996 |c M* DP-15298  |l MMSKP  |s P  |a 0  |w stuzp97781_0001